000 00895nam a2200253Ia 4500
003 OSt
005 20220923224917.0
006 a|||||r|||| 00| 0
007 ta
008 220922b |||||||| |||| 00| 0 hin d
024 _a253,531
037 _cTextual
040 _aARTS
_cARTS
_bhin
041 _2hin
_ahin
082 _aO152,3:gN7, L8
100 _aकडवे, ह. के.
245 0 _aहिन्दी उपन्यासों में आंचलिकता की प्रवृत्ति
246 _aHindī upanyāsoan mean āanchalikatā kī pravṛutti
260 _aकानपुर
_b अन्नपूर्णा प्रकाशन
_c1978
300 _a314पृ.
_ccm.
650 _aहिन्दी साहित्य
_9156264
942 _hO152,3:gN7, L8
_cTEXL
_2CC
999 _c374593
_d374593